[Event "January TNT"]
[Site "Winnipeg CAN"]
[Date "2006.01.31"]
[Round "5"]
[White "Gibbons, Lorne"]
[Black "Wasserman, Arie"]
[Result "1-0"]
[WhiteElo "1306"]
[BlackElo "1625"]
[PlyCount "101"]
[EventDate "2006.01.03"]
[EventType "swiss"]
[EventRounds "5"]
[EventCountry "CAN"]

1. d4 d5 2. c4 e6 3. a3 Nf6 4. Nc3 c5 5. dxc5 Bxc5 6. b4 Bd4 7. Qxd4 Nc6 8. Qh4
a5 9. b5 Ne7 10. Bg5 Neg8 11. Rd1 h6 12. cxd5 Qc7 13. Bd2 exd5 14. Qd4 Ne7 15.
Nf3 O-O 16. Bf4 Qd8 17. e3 Re8 18. Be5 Ng4 19. Nxd5 Nxd5 20. Qxd5 Qe7 21. Bd6
Qf6 22. Qd4 Qf5 23. Bd3 Qe6 24. h3 Nf6 25. O-O Rd8 26. Bc4 Qf5 27. Qc5 Qxc5 28.
Bxc5 Re8 29. Nd2 Bf5 30. f3 Rac8 31. Bd4 Nd7 32. g4 Be6 33. Bd3 Nf8 34. Rc1
Rcd8 35. Nc4 Bxc4 36. Rxc4 Ne6 37. Be4 Ng5 38. Bxb7 Nxh3+ 39. Kg2 Ng5 40. Bc6
Re7 41. e4 Ne6 42. Bd5 Nf4+ 43. Kf2 Nxd5 44. exd5 Rxd5 45. Bc5 Rd2+ 46. Kg3
Ree2 47. Rf2 Rxf2 48. Bxf2 Rb2 49. a4 g5 50. Bb6 Kg7 51. Bd4+ 1-0

[Event "January TNT"]
[Site "Winnipeg CAN"]
[Date "2006.01.31"]
[Round "5"]
[White "Gibson, Fred"]
[Black "Lindsay, Richard"]
[Result "0-1"]
[WhiteElo "1183"]
[BlackElo "1753"]
[PlyCount "52"]
[EventDate "2006.01.03"]
[EventType "swiss"]
[EventRounds "5"]
[EventCountry "CAN"]

1. e4 e6 2. d4 d5 3. e5 c5 4. c3 Nc6 5. Nf3 Qb6 6. Qb3 Qxb3 7. axb3 cxd4 8. Bb5
dxc3 9. Nxc3 Bd7 10. O-O Nge7 11. Be3 Ng6 12. Bxc6 Bxc6 13. Rxa7 Rxa7 14. Bxa7
Bb4 15. Bd4 Ke7 16. Na4 f6 17. Bc5+ Bxc5 18. Nxc5 Nxe5 19. Nd4 Bd7 20. Nxb7 Nc6
21. Nxc6+ Bxc6 22. Nc5 Kd6 23. b4 Rb8 24. Nd3 e5 25. f3 f5 26. Re1 e4 0-1

[Event "January TNT"]
[Site "Winnipeg CAN"]
[Date "2006.01.31"]
[Round "5"]
[White "Khedkar, Jay"]
[Black "Babb, Jeff"]
[Result "1-0"]
[WhiteElo "1876"]
[BlackElo "2139"]
[PlyCount "77"]
[EventDate "2006.01.03"]
[EventType "swiss"]
[EventRounds "5"]
[EventCountry "CAN"]

1. e4 d6 2. d4 Nf6 3. Nc3 g6 4. f4 Bg7 5. Nf3 c5 6. dxc5 Qa5 7. Bd3 Qxc5 8. Qe2
Bg4 9. Be3 Qa5 10. O-O O-O 11. Qe1 Bxf3 12. Rxf3 Nc6 13. Qh4 Qh5 14. Qxh5 Nxh5
15. Nd5 e6 16. g4 exd5 17. gxh5 dxe4 18. Bxe4 Rfe8 19. Bxc6 bxc6 20. Rd1 d5 21.
Bd4 gxh5 22. Rg3 f6 23. Bxf6 Kf7 24. Bxg7 Re2 25. Be5 Rxc2 26. Rg2 Rg8 27. Rxg8
Kxg8 28. Rf1 Kf7 29. Rf2 Rc4 30. Rd2 Ke6 31. Kf2 c5 32. Kg3 a5 33. Kh4 Re4 34.
Kxh5 d4 35. Kg4 a4 36. b4 axb3 37. axb3 Re3 38. b4 cxb4 39. Bxd4 1-0

[Event "January TNT"]
[Site "Winnipeg CAN"]
[Date "2006.01.31"]
[Round "5"]
[White "Lipnowski, Samuel"]
[Black "Green, Jim"]
[Result "1-0"]
[WhiteElo "2180"]
[BlackElo "1717"]
[PlyCount "97"]
[EventDate "2006.01.03"]
[EventType "swiss"]
[EventRounds "5"]
[EventCountry "CAN"]

1. e4 c6 2. d4 d5 3. Nd2 dxe4 4. Nxe4 Nd7 5. Ng5 Ndf6 6. Bc4 e6 7. Ne2 Be7 8.
O-O Nd5 9. Nf3 Ngf6 10. Bb3 O-O 11. c4 Nb6 12. Qd3 c5 13. Bc2 cxd4 14. Bg5 Nbd7
15. Nfxd4 a6 16. Rad1 Qa5 17. Bd2 Qb6 18. b4 Rd8 19. Qc3 Qc7 20. c5 Nd5 21. Qg3
Qxg3 22. hxg3 Ne5 23. Bb3 Nc6 24. Nxc6 bxc6 25. Nf4 Bf6 26. Rfe1 g6 27. Nxd5
exd5 28. a3 Be6 29. Ba4 Bd7 30. Bf4 Re8 31. Rxe8+ Rxe8 32. Kf1 d4 33. f3 Kg7
34. Bc1 Rd8 35. Bb2 Be8 36. Bc2 g5 37. Bd3 Ra8 38. Bc4 a5 39. Bxd4 Bxd4 40.
Rxd4 axb4 41. axb4 Ra1+ 42. Kf2 Rb1 43. Be2 h6 44. g4 Rb2 45. Ke3 f6 46. Rd8
Kf7 47. Rb8 Ke7 48. Rb7+ Bd7 49. b5 1-0

[Event "January TNT"]
[Site "Winnipeg CAN"]
[Date "2006.01.31"]
[Round "5"]
[White "Oberton, Daniel"]
[Black "Reimer, Bruce"]
[Result "0-1"]
[WhiteElo "1708"]
[BlackElo "1479"]
[PlyCount "68"]
[EventDate "2006.01.03"]
[EventType "swiss"]
[EventRounds "5"]
[EventCountry "CAN"]

1. e4 Nf6 2. e5 Nd5 3. c4 Nb6 4. c5 Nd5 5. Bc4 e6 6. d4 d6 7. cxd6 cxd6 8. f4
Nb6 9. Bb5+ Bd7 10. Bxd7+ N8xd7 11. Nf3 dxe5 12. dxe5 Bb4+ 13. Bd2 Qe7 14. O-O
O-O 15. a3 Bxd2 16. Nbxd2 Nd5 17. Nd4 Ne3 18. Qe2 Nxf1 19. Rxf1 Rfd8 20. Nb5
Qc5+ 21. Kh1 Qc2 22. b4 Nxe5 23. fxe5 Rxd2 24. Qf3 Qf5 25. h3 Qxf3 26. Rxf3 Rd7
27. Rg3 a6 28. Nd6 Rad8 29. Kh2 Rxd6 30. exd6 Rxd6 31. Rc3 g6 32. Rc7 b5 33.
Ra7 e5 34. g4 Kg7 0-1

[Event "January TNT"]
[Site "Winnipeg CAN"]
[Date "2006.01.31"]
[Round "5"]
[White "Rumpel, Chris"]
[Black "Wasserman, Leor"]
[Result "1-0"]
[WhiteElo "1579"]
[BlackElo "1297"]
[PlyCount "97"]
[EventDate "2006.01.03"]
[EventType "swiss"]
[EventRounds "5"]
[EventCountry "CAN"]

1. Nf3 Nc6 2. d4 d5 3. c4 e6 4. Nc3 Nge7 5. Bf4 g6 6. Nb5 e5 7. Nxe5 Nf5 8.
Nxc6 bxc6 9. Nxc7+ Kd7 10. Nxa8 Bb7 11. Nc7 Bb4+ 12. Bd2 Bd6 13. Nxd5 cxd5 14.
c5 Bc7 15. e3 Re8 16. Bb5+ Bc6 17. Bxc6+ Kxc6 18. Qa4+ Kb7 19. c6+ Ka8 20. Qa6
Nd6 21. O-O h5 22. Bb4 Qb8 23. Rfc1 Qxb4 24. a3 Qb6 25. Qe2 Qxd4 26. Qf3 Qe5
27. g3 f5 28. b4 Nc4 29. Qd1 Nb2 30. Qb3 Nc4 31. Rd1 Bb6 32. a4 Rb8 33. Rab1
Re8 34. a5 Bc7 35. Qa2 Qe4 36. b5 Ne5 37. b6 Nf3+ 38. Kf1 Nxh2+ 39. Ke2 Qf3+
40. Ke1 Rxe3+ 41. fxe3 Bxg3+ 42. Kd2 Qf2+ 43. Kc1 Qxa2 44. b7+ Kb8 45. c7+ Kxc7
46. b8=Q+ Kd7 47. Rb7+ Ke6 48. Qe8+ Kf6 49. Qe7# 1-0

[Event "January TNT"]
[Site "Winnipeg CAN"]
[Date "2006.01.31"]
[Round "5"]
[White "Trueman, Francis"]
[Black "Essery, Richard"]
[Result "0-1"]
[WhiteElo "1414"]
[BlackElo "1617"]
[PlyCount "64"]
[EventDate "2006.01.03"]
[EventType "swiss"]
[EventRounds "5"]
[EventCountry "CAN"]

1. Nf3 d5 2. d3 Bg4 3. Nbd2 e6 4. h3 Bh5 5. g3 Bd6 6. Bg2 Nf6 7. O-O Nbd7 8.
Re1 h6 9. e4 dxe4 10. dxe4 Bc5 11. Qe2 c6 12. c3 Qc7 13. e5 Nd5 14. Ne4 Be7 15.
c4 N5b6 16. b3 Nxe5 17. Bf4 Bxf3 18. Bxf3 Nxf3+ 19. Qxf3 e5 20. Bd2 Qd7 21.
Rad1 Qxh3 22. Bc3 f6 23. c5 Nd5 24. Bb2 O-O-O 25. Ba3 h5 26. Nd6+ Bxd6 27. cxd6
h4 28. Rxd5 cxd5 29. Qc3+ Kb8 30. Qc7+ Ka8 31. Qxg7 hxg3 32. fxg3 Rhg8 0-1

[Event "January TNT"]
[Site "Winnipeg CAN"]
[Date "2006.01.31"]
[Round "5"]
[White "Wierda, John"]
[Black "Green, Aaron"]
[Result "1-0"]
[WhiteElo "1817"]
[BlackElo "1315"]
[PlyCount "57"]
[EventDate "2006.01.03"]
[EventType "swiss"]
[EventRounds "5"]
[EventCountry "CAN"]

1. Nf3 Nf6 2. g3 g6 3. Bg2 Bg7 4. O-O O-O 5. c4 d6 6. Nc3 Nbd7 7. d3 e5 8. Bg5
h6 9. Bd2 Ne8 10. Rc1 f5 11. Na4 g5 12. Qb3 c5 13. Nc3 Nb6 14. Ne1 g4 15. f4
exf4 16. Bxf4 Kh8 17. Qc2 Qf6 18. a3 h5 19. e4 h4 20. gxh4 Qxh4 21. Bg3 Qg5 22.
exf5 Rxf5 23. Rxf5 Qxf5 24. Be4 Qf6 25. Ng2 Bh6 26. Re1 Bg5 27. Bd5 Nc7 28. Rf1
Qg6 29. Rf8+ 1-0

[Event "Juin"]
[Site "Montreal CAN"]
[Date "2006.06.09"]
[Round "1"]
[White "Hajiyev, Elshad"]
[Black "Libersan, Thierry"]
[Result "0-1"]
[WhiteElo "2052"]
[BlackElo "2167"]
[PlyCount "60"]
[EventDate "2006.06.09"]
[EventType "swiss"]
[EventRounds "5"]
[EventCountry "CAN"]

1. d4 Nf6 2. Nf3 g6 3. Bg5 Bg7 4. Nbd2 O-O 5. e4 d6 6. Bc4 Nc6 7. c3 e5 8. O-O
h6 9. Bh4 g5 10. Bg3 Bg4 11. d5 Ne7 12. h3 Bd7 13. Ne1 Ng6 14. Nc2 Nf4 15. Be2
c6 16. c4 cxd5 17. cxd5 Rc8 18. Ne3 Re8 19. Bg4 Nxg4 20. hxg4 Bb5 21. Nf5 Bxf1
22. Nxf1 Bf8 23. Qf3 Qb6 24. b3 Qb4 25. N1e3 Rc3 26. Rf1 Rec8 27. Bxf4 exf4 28.
Qh3 fxe3 29. Nxh6+ Bxh6 30. Qxh6 Qxe4 0-1

[Event "Juin"]
[Site "Montreal CAN"]
[Date "2006.06.10"]
[Round "3"]
[White "Libersan, Thierry"]
[Black "Gilman, Arkadiy"]
[Result "0-1"]
[WhiteElo "2167"]
[BlackElo "2166"]
[PlyCount "38"]
[EventDate "2006.06.09"]
[EventType "swiss"]
[EventRounds "5"]
[EventCountry "CAN"]

1. e4 e5 2. Nf3 Nc6 3. Bb5 a6 4. Ba4 Nf6 5. O-O Be7 6. Re1 b5 7. Bb3 d6 8. c3
Na5 9. Bc2 c5 10. d4 Qc7 11. Nbd2 O-O 12. h3 Nc6 13. Nf1 cxd4 14. cxd4 exd4 15.
Nxd4 Nxd4 16. Qxd4 Qxc2 17. Bg5 Qc5 18. Bxf6 Bxf6 19. Qd2 Be6 0-1

[Event "Juin"]
[Site "Montreal CAN"]
[Date "2006.06.11"]
[Round "4"]
[White "Poirier, Erik"]
[Black "Dupuis, Stephane"]
[Result "0-1"]
[WhiteElo "2032"]
[BlackElo "2137"]
[PlyCount "52"]
[EventDate "2006.06.09"]
[EventType "swiss"]
[EventRounds "5"]
[EventCountry "CAN"]

1. d4 f5 2. c4 Nf6 3. g3 g6 4. Bg2 Bg7 5. Nc3 O-O 6. Nh3 e6 7. O-O d6 8. Nf4 c6
9. e4 e5 10. dxe5 dxe5 11. Nfe2 Na6 12. Qc2 Be6 13. b3 Qe7 14. exf5 Bxf5 15.
Ne4 Nxe4 16. Bxe4 Bh3 17. Bg2 e4 18. Bb2 Nb4 19. Qb1 Bxg2 20. Kxg2 Bxb2 21.
Qxb2 Nd3 22. Qc2 Nxf2 23. Rxf2 Rxf2+ 24. Kxf2 Qf6+ 25. Nf4 Qxa1 26. Qxe4 Qf6
0-1

[Event "Juin"]
[Site "Montreal CAN"]
[Date "2006.06.11"]
[Round "5"]
[White "Dupuis, Stephane"]
[Black "Gilman, Arkadiy"]
[Result "1/2-1/2"]
[WhiteElo "2137"]
[BlackElo "2166"]
[PlyCount "76"]
[EventDate "2006.06.09"]
[EventType "swiss"]
[EventRounds "5"]
[EventCountry "CAN"]

1. g3 d5 2. Bg2 Nf6 3. d3 e5 4. Nf3 Bd6 5. O-O O-O 6. Nbd2 Qe7 7. e4 dxe4 8.
dxe4 Nc6 9. c3 a5 10. Qc2 Bg4 11. h3 Bh5 12. Re1 Rad8 13. Nf1 Bg6 14. Nh4 Qe6
15. f4 exf4 16. gxf4 Bc5+ 17. Kh1 Bxe4 18. Rxe4 Nxe4 19. Qxe4 Rd1 20. Qxe6 fxe6
21. Nf3 Be3 22. Bxe3 Rxa1 23. Ng5 e5 24. Bd5+ Kh8 25. Kg2 exf4 26. Bc5 Rf5 27.
Nf7+ Rxf7 28. Bxf7 f3+ 29. Kg1 Ne5 30. Bd5 c6 31. Be4 Rxa2 32. b3 Re2 33. Ne3
a4 34. bxa4 Nc4 35. Nxc4 Rxe4 36. Nd6 Rxa4 37. Nxb7 Ra2 38. Nd8 Ra8 1/2-1/2

[Event "July TNT"]
[Site "Winnipeg CAN"]
[Date "2006.07.04"]
[Round "1"]
[White "Essery, Richard"]
[Black "Lafreniere, Adrian"]
[Result "0-1"]
[WhiteElo "1594"]
[BlackElo "1842"]
[PlyCount "86"]
[EventDate "2006.07.04"]
[EventType "swiss"]
[EventRounds "4"]
[EventCountry "CAN"]

1. d4 c6 2. Nf3 d5 3. Bf4 Bf5 4. e3 e6 5. Bd3 Bg6 6. Ne5 Bxd3 7. Nxd3 Bd6 8.
Qg4 Bf8 9. Nd2 Nf6 10. Qe2 Bd6 11. Bg3 Qc7 12. c3 Nbd7 13. Bxd6 Qxd6 14. e4
dxe4 15. Nxe4 Qd5 16. Nxf6+ Nxf6 17. f3 Qg5 18. O-O O-O 19. f4 Qf5 20. Rae1 Qa5
21. a3 Rad8 22. g4 Qd5 23. g5 Nd7 24. Rf3 c5 25. Rh3 cxd4 26. Qh5 Qf5 27. Ne5
Nxe5 28. Rxe5 Qb1+ 29. Kf2 Qxb2+ 30. Re2 Qb1 31. cxd4 Rxd4 32. Rh4 Rfd8 33. g6
Qxg6 34. Qxg6 hxg6 35. Re3 g5 36. Rh5 Rxf4+ 37. Ke2 Rd5 38. Reh3 f6 39. Rh8+
Kf7 40. Rb8 Rb5 41. Rhh8 Rh4 42. Rhc8 Rxh2+ 43. Kf3 Rb3+ 0-1

[Event "July TNT"]
[Site "Winnipeg CAN"]
[Date "2006.07.04"]
[Round "1"]
[White "Khedkar, Jay"]
[Black "Nguyen, Huy"]
[Result "0-1"]
[WhiteElo "1886"]
[BlackElo "1638"]
[PlyCount "87"]
[EventDate "2006.07.04"]
[EventType "swiss"]
[EventRounds "4"]
[EventCountry "CAN"]

1. e4 Nf6 2. e5 Nd5 3. d4 e6 4. c4 Nb6 5. Nc3 d5 6. c5 N6d7 7. Bd3 b6 8. b4 a5
9. cxb6 Bxb4 10. Bd2 Nxb6 11. Qg4 O-O 12. Nge2 f5 13. exf6 Qxf6 14. O-O e5 15.
dxe5 Bxg4 16. exf6 Bxe2 17. Bxe2 Re8 18. Bf3 d4 19. Nd5 Bxd2 20. Nxb6 Ra7 21.
Nd5 c5 22. Rab1 Nd7 23. Ne7+ Kf7 24. Nc6 Rc7 25. fxg7 Kxg7 26. Rb5 Ne5 27. Bh5
Re6 28. Nxa5 Bxa5 29. Rxa5 d3 30. f4 Nc4 31. Ra8 Ne3 32. f5 Rf6 33. Rf3 Re7 34.
Rd8 c4 35. g4 h6 36. Be8 Rb6 37. Bb5 Kf6 38. a4 Nxg4 39. Rg3 Ne5 40. Rf8+ Rf7
41. Rxf7+ Kxf7 42. Kf2 Rd6 43. Ke1 c3 44. Rh3 0-1

[Event "July TNT"]
[Site "Winnipeg CAN"]
[Date "2006.07.04"]
[Round "1"]
[White "Pottinger, Carl"]
[Black "Repa, Jason"]
[Result "0-1"]
[WhiteElo "1720"]
[BlackElo "1956"]
[PlyCount "58"]
[EventDate "2006.07.04"]
[EventType "swiss"]
[EventRounds "4"]
[EventCountry "CAN"]

1. c4 e6 2. g3 d5 3. Bg2 c6 4. cxd5 exd5 5. Nf3 Nf6 6. d4 Bd6 7. O-O O-O 8. Bg5
Nbd7 9. Nc3 Re8 10. e3 h6 11. Bxf6 Nxf6 12. a3 Bg4 13. h3 Bf5 14. b4 Ne4 15.
Nxe4 Bxe4 16. Ne1 Bxg2 17. Kxg2 Re6 18. Nd3 Qe7 19. Nc5 Rg6 20. Qf3 Re8 21.
Rae1 b6 22. Nd3 Rf6 23. Qg4 h5 24. Qe2 Rg6 25. Kh2 h4 26. Nf4 Rh6 27. Qf3 g5
28. Ng2 Qe6 29. Qe2 hxg3+ 0-1

[Event "July TNT"]
[Site "Winnipeg CAN"]
[Date "2006.07.04"]
[Round "1"]
[White "Rumpel, Chris"]
[Black "Wiebe, Daniel"]
[Result "0-1"]
[WhiteElo "1728"]
[BlackElo "1257"]
[PlyCount "49"]
[EventDate "2006.07.04"]
[EventType "swiss"]
[EventRounds "4"]
[EventCountry "CAN"]

1. d4 d5 2. c4 c6 3. cxd5 cxd5 4. Bf4 Bf5 5. Nc3 e6 6. Nf3 Qa5 7. Nh4 Bb4 8.
Qb3 Nc6 9. e3 Nf6 10. Nxf5 exf5 11. Bd3 Ne4 12. Rc1 O-O 13. a4 Bxc3+ 14. bxc3
Rac8 15. f3 Nxc3 16. Kf2 Nxa4 17. Bxf5 Rce8 18. Rhd1 Nb6 19. Bd6 Ne7 20. Bh3 f5
21. g4 Rf7 22. gxf5 Nxf5 23. Bxf5 Rxf5 24. Rc7 Nc4 25. Bg3 0-1

[Event "July TNT"]
[Site "Winnipeg CAN"]
[Date "2006.07.04"]
[Round "1"]
[White "Trueman, Francis"]
[Black "Rutter, Blair"]
[Result "0-1"]
[WhiteElo "1474"]
[BlackElo "1793"]
[PlyCount "68"]
[EventDate "2006.07.04"]
[EventType "swiss"]
[EventRounds "4"]
[EventCountry "CAN"]

1. Nf3 d5 2. d3 c5 3. g3 Nc6 4. Bg2 e5 5. O-O Nf6 6. c3 h6 7. Qc2 Be6 8. Nbd2
Be7 9. e4 d4 10. c4 Qd7 11. a3 b6 12. Re1 g5 13. Nf1 Nh5 14. Qe2 Ng7 15. b4
cxb4 16. axb4 Bxb4 17. Bd2 Be7 18. Reb1 Qc7 19. Bc1 f6 20. N1d2 Kf7 21. Ba3
Rhb8 22. Bxe7 Qxe7 23. Qd1 Nb4 24. Nb3 a5 25. c5 bxc5 26. Nxa5 Qc7 27. Nb3 Na2
28. Qc2 Nc3 29. Rxa8 Rxa8 30. Rf1 Ra2 31. Qxa2 Nxa2 32. Nbd2 Qa5 33. Rb1 Nb4
34. Ne1 Qa2 0-1

[Event "July TNT"]
[Site "Winnipeg CAN"]
[Date "2006.07.04"]
[Round "1"]
[White "Vincent, Trevor"]
[Black "Silva, T Romeo"]
[Result "1-0"]
[WhiteElo "2040"]
[BlackElo "1727"]
[PlyCount "45"]
[EventDate "2006.07.04"]
[EventType "swiss"]
[EventRounds "4"]
[EventCountry "CAN"]

1. c4 Nf6 2. g3 e5 3. Bg2 Be7 4. Nc3 a6 5. e3 c5 6. Nge2 Nc6 7. O-O O-O 8. d4
exd4 9. exd4 cxd4 10. Nxd4 Ne5 11. b3 Ng6 12. Bb2 Qa5 13. Qd2 Rb8 14. Rad1 Bc5
15. Ne4 Qxd2 16. Nxf6+ gxf6 17. Rxd2 d6 18. a3 Ne5 19. Rc1 b5 20. cxb5 axb5 21.
h3 Kg7 22. f4 Bxh3 23. fxe5 1-0

[Event "July TNT"]
[Site "Winnipeg CAN"]
[Date "2006.07.11"]
[Round "2"]
[White "Booth, Kevin"]
[Black "Rumpel, Chris"]
[Result "1-0"]
[WhiteElo "1585"]
[BlackElo "1728"]
[PlyCount "77"]
[EventDate "2006.07.04"]
[EventType "swiss"]
[EventRounds "4"]
[EventCountry "CAN"]

1. d4 d5 2. c4 c6 3. Nf3 a6 4. cxd5 cxd5 5. Bf4 Nc6 6. e3 Nf6 7. Nc3 b5 8. Rc1
e6 9. Nxb5 Qa5+ 10. Nc3 Bb7 11. Qa4 Qb6 12. Qb3 Bb4 13. Bd3 Rc8 14. O-O Na5 15.
Qd1 Bxc3 16. Rxc3 Nc4 17. Bxc4 dxc4 18. Qa4+ Qb5 19. Qxb5+ axb5 20. b3 Ne4 21.
Rc2 c3 22. Rfc1 b4 23. Ng5 Ra8 24. f3 Nf6 25. Bd6 h6 26. Nh3 Nd5 27. Kf2 f5 28.
Nf4 Nxf4 29. exf4 Ba6 30. Bxb4 Bd3 31. Rxc3 Ba6 32. Rc6 Kf7 33. Rc7+ Kf6 34.
Re7 Rhf8 35. Rc6 Rab8 36. Bd6 Bb7 37. Bxb8 Rxb8 38. Rexe6+ Kf7 39. Rb6 1-0

[Event "July TNT"]
[Site "Winnipeg CAN"]
[Date "2006.07.11"]
[Round "2"]
[White "Essery, Richard"]
[Black "Khedkar, Jay"]
[Result "0-1"]
[WhiteElo "1594"]
[BlackElo "1886"]
[PlyCount "36"]
[EventDate "2006.07.04"]
[EventType "swiss"]
[EventRounds "4"]
[EventCountry "CAN"]

1. d4 Nf6 2. Nf3 g6 3. Bf4 Bg7 4. e3 d6 5. Bd3 O-O 6. Nbd2 Nc6 7. c3 e5 8. dxe5
dxe5 9. Bxg6 exf4 10. Bb1 fxe3 11. fxe3 Qe7 12. O-O Qxe3+ 13. Kh1 Ng4 14. Qc2
Qh6 15. Re1 Nce5 16. h3 Nd3 17. Re2 Bf5 18. Ne4 Bxe4 0-1

[Event "July TNT"]
[Site "Winnipeg CAN"]
[Date "2006.07.11"]
[Round "2"]
[White "Gibbons, Lorne"]
[Black "Anderson, George"]
[Result "1-0"]
[WhiteElo "1314"]
[BlackElo "1501"]
[PlyCount "109"]
[EventDate "2006.07.04"]
[EventType "swiss"]
[EventRounds "4"]
[EventCountry "CAN"]

1. d4 f5 2. c4 g6 3. Nf3 Nf6 4. Nc3 Bg7 5. Bf4 a6 6. e3 O-O 7. h3 Ne4 8. Nxe4
fxe4 9. Nd2 d5 10. cxd5 b5 11. Qb3 Bb7 12. d6+ Kh8 13. dxc7 Qd7 14. cxb8=Q
Raxb8 15. Bxb8 Rxb8 16. Be2 Rf8 17. Bg4 Qd8 18. Be6 Rf6 19. d5 Qf8 20. Nxe4
Rxe6 21. dxe6 Bxe4 22. f3 Bb7 23. O-O Qf5 24. Rf2 Bd5 25. Qd1 Bxe6 26. Qd8+ Bg8
27. Qxe7 Qd3 28. Qe4 Qd8 29. Rc2 Qa5 30. a3 Qd8 31. Rac1 Qd7 32. b4 Bf6 33. Rc7
Qd2 34. R7c2 Qd7 35. Kf1 Bc4+ 36. Rxc4 bxc4 37. Qxc4 Bb2 38. Qc8+ Qxc8 39.
Rxc8+ Kg7 40. a4 Ba3 41. Rc6 Bxb4 42. Rxa6 h6 43. Rb6 Ba5 44. Rb5 Bd2 45. Ke2
Bc3 46. e4 g5 47. g4 Bd4 48. Kd3 Bg1 49. a5 Kg6 50. a6 h5 51. Rf5 hxg4 52. hxg4
Bf2 53. e5 Kh6 54. e6 Bc5 55. Rxc5 1-0

[Event "July TNT"]
[Site "Winnipeg CAN"]
[Date "2006.07.11"]
[Round "2"]
[White "Greenberg, Harley"]
[Black "Pottinger, Carl"]
[Result "1-0"]
[WhiteElo "1771"]
[BlackElo "1720"]
[PlyCount "44"]
[EventDate "2006.07.04"]
[EventType "swiss"]
[EventRounds "4"]
[EventCountry "CAN"]

1. d4 d5 2. c4 e5 3. dxe5 d4 4. Nf3 Nc6 5. g3 Bb4+ 6. Bd2 Bf5 7. a3 Bxd2+ 8.
Qxd2 Qd7 9. Bg2 O-O-O 10. O-O Bh3 11. e6 Bxe6 12. Rc1 Nf6 13. Qf4 Na5 14. Nbd2
Nc6 15. Kf1 h6 16. Ne5 Nxe5 17. Qxe5 Rhe8 18. Qa5 Kb8 19. c5 Bd5 20. Nb3 Ne4
21. c6 Bxc6 22. Rxc6 bxc6 1-0

[Event "July TNT"]
[Site "Winnipeg CAN"]
[Date "2006.07.11"]
[Round "2"]
[White "Lafreniere, Adrian"]
[Black "Nguyen, Huy"]
[Result "0-1"]
[WhiteElo "1842"]
[BlackElo "1638"]
[PlyCount "82"]
[EventDate "2006.07.04"]
[EventType "swiss"]
[EventRounds "4"]
[EventCountry "CAN"]

1. e4 c6 2. g3 d5 3. Bg2 e5 4. d3 Bc5 5. Qe2 d4 6. f4 Nd7 7. Nf3 Qe7 8. O-O
Ngf6 9. Nh4 O-O 10. Nf5 Qe8 11. Kh1 h5 12. Bh3 g6 13. Nh4 Kg7 14. f5 Rh8 15.
Bg5 Be7 16. Nd2 a5 17. Qf3 b5 18. a3 c5 19. Qe2 Ra6 20. Rf3 Bb7 21. Raf1 Rf8
22. Nb3 a4 23. Nd2 Rc6 24. Kg1 Ng4 25. Bxe7 Qxe7 26. fxg6 fxg6 27. Rxf8 Nxf8
28. Bxg4 hxg4 29. Qxg4 Bc8 30. Nf5+ Bxf5 31. Rxf5 c4 32. Rf2 c3 33. bxc3 Rxc3
34. Nb1 Rc6 35. h4 b4 36. axb4 Qxb4 37. Qd1 a3 38. Qc1 a2 39. Nd2 Rxc2 40. Qxc2
a1=Q+ 41. Rf1 Qac3 0-1

[Event "July TNT"]
[Site "Winnipeg CAN"]
[Date "2006.07.11"]
[Round "2"]
[White "Repa, Jason"]
[Black "Van Wyk, Joseph"]
[Result "1-0"]
[WhiteElo "1956"]
[BlackElo "1830"]
[PlyCount "83"]
[EventDate "2006.07.04"]
[EventType "swiss"]
[EventRounds "4"]
[EventCountry "CAN"]

1. Nf3 c5 2. e3 Nc6 3. b3 Nf6 4. Bb2 e6 5. Bb5 a6 6. Bxc6 bxc6 7. d3 d5 8. Nbd2
Be7 9. Ne5 Qc7 10. f4 O-O 11. O-O Nd7 12. Qg4 f5 13. Qh5 Bf6 14. Ndf3 Nxe5 15.
Bxe5 Bxe5 16. Nxe5 Bd7 17. Qe2 Rf6 18. Rae1 Be8 19. Qd2 Rd8 20. Kh1 Rh6 21. a4
Bh5 22. Qc3 Qe7 23. Nf3 Bxf3 24. Rxf3 Rb8 25. Ref1 Rb4 26. Rg3 g6 27. Rd1 Qh4
28. Kg1 Qxh2+ 29. Kf2 d4 30. Qxc5 dxe3+ 31. Qxe3 Kf7 32. Re1 g5 33. fxg5 f4 34.
Rf3 Qh4+ 35. Ke2 Qxg5 36. g3 Rf6 37. Qa7+ Kg8 38. gxf4 Qg2+ 39. Rf2 Qg4+ 40.
Kd2 Rfxf4 41. Rxf4 Qxf4+ 42. Kc3 1-0

[Event "July TNT"]
[Site "Winnipeg CAN"]
[Date "2006.07.11"]
[Round "2"]
[White "Rutter, Blair"]
[Black "Vincent, Trevor"]
[Result "0-1"]
[WhiteElo "1793"]
[BlackElo "2040"]
[PlyCount "56"]
[EventDate "2006.07.04"]
[EventType "swiss"]
[EventRounds "4"]
[EventCountry "CAN"]

1. c4 c5 2. g3 g6 3. Bg2 Bg7 4. Nc3 Nc6 5. e4 Nf6 6. Nge2 O-O 7. O-O d6 8. h3
a6 9. d3 Rb8 10. Be3 b5 11. Qd2 Ne8 12. Bh6 Bxh6 13. Qxh6 bxc4 14. dxc4 Rxb2
15. f4 Nd4 16. Rf2 f5 17. Nxd4 Rxf2 18. Kxf2 cxd4 19. exf5 dxc3 20. Bd5+ e6 21.
fxe6 Qe7 22. Rc1 Bxe6 23. Re1 Qa7+ 24. Kf3 Bxd5+ 25. cxd5 Qf7 26. Qg5 Nf6 27.
Re6 c2 28. f5 Nxd5 0-1

[Event "July TNT"]
[Site "Winnipeg CAN"]
[Date "2006.07.11"]
[Round "2"]
[White "Silva, T Romeo"]
[Black "Trueman, Francis"]
[Result "1-0"]
[WhiteElo "1727"]
[BlackElo "1474"]
[PlyCount "59"]
[EventDate "2006.07.04"]
[EventType "swiss"]
[EventRounds "4"]
[EventCountry "CAN"]

1. d4 Nf6 2. c4 d6 3. Nc3 g6 4. e4 Bg7 5. Bd3 Nc6 6. Nge2 e5 7. d5 Nd4 8. O-O
O-O 9. Bg5 h6 10. Bh4 c6 11. b3 Qc7 12. f3 Bd7 13. Rc1 a6 14. Kh1 c5 15. Qd2
Nh7 16. f4 exf4 17. Nxf4 g5 18. Bxg5 Nxg5 19. Nh5 Be5 20. Nf6+ Bxf6 21. Rxf6
Kg7 22. Rcf1 Bg4 23. Rxh6 Kxh6 24. Rf6+ Kh5 25. Ne2 Nxe2 26. Bxe2 Qd7 27. h3
Bxe2 28. Qxe2+ Nf3 29. Qxf3+ Kg5 30. Qf4+ 1-0

[Event "July TNT"]
[Site "Winnipeg CAN"]
[Date "2006.07.11"]
[Round "2"]
[White "Wiebe, Daniel"]
[Black "Tang, Edward"]
[Result "1/2-1/2"]
[WhiteElo "1257"]
[BlackElo "1959"]
[PlyCount "85"]
[EventDate "2006.07.04"]
[EventType "swiss"]
[EventRounds "4"]
[EventCountry "CAN"]

1. e4 e5 2. Nf3 Nf6 3. Nc3 Nc6 4. Bc4 Nxe4 5. Nxe4 d5 6. Bxd5 Qxd5 7. d3 Be7 8.
Be3 O-O 9. Nfg5 f5 10. Nxh7 Kxh7 11. Ng5+ Kg8 12. h4 Rf6 13. Qh5 Rh6 14. Qe8+
Bf8 15. c4 Qd7 16. Qxd7 Bxd7 17. O-O-O f4 18. Bd2 Be7 19. Ne4 Bf5 20. g3 Bxe4
21. dxe4 Bb4 22. Bxb4 Nxb4 23. Rd7 Na6 24. Re7 fxg3 25. fxg3 Kf8 26. Rxe5 Re8
27. Rf1+ Rf6 28. Rxf6+ gxf6 29. Rxe8+ Kxe8 30. Kd2 Kf7 31. Ke3 c5 32. a3 Nc7
33. Kf4 Ne6+ 34. Kf5 Nd4+ 35. Kg4 Kg6 36. Kf4 Nc6 37. g4 Ne5 38. h5+ Kg7 39. b3
a5 40. g5 Nd3+ 41. Kf5 fxg5 42. Kxg5 Nc1 43. e5 1/2-1/2

[Event "July TNT"]
[Site "Winnipeg CAN"]
[Date "2006.07.18"]
[Round "3"]
[White "Khedkar, Jay"]
[Black "Rutter, Blair"]
[Result "0-1"]
[WhiteElo "1886"]
[BlackElo "1793"]
[PlyCount "70"]
[EventDate "2006.07.04"]
[EventType "swiss"]
[EventRounds "4"]
[EventCountry "CAN"]

1. d4 d5 2. c4 c6 3. Nc3 f5 4. Nf3 e6 5. Bf4 Nf6 6. e3 Bd6 7. Ne5 Qc7 8. Rc1
Nbd7 9. cxd5 Nxe5 10. dxe5 Bxe5 11. d6 Bxc3+ 12. Rxc3 Qa5 13. Qd4 Qxa2 14. Rc1
Qd5 15. Qb4 Qe4 16. Qc5 Bd7 17. f3 Qa4 18. Bc4 b6 19. Qe5 Qb4+ 20. Ke2 Kf7 21.
Rhd1 Rhg8 22. g4 fxg4 23. fxg4 h6 24. h4 Rh8 25. g5 hxg5 26. hxg5 Rh5 27. Rf1
Rah8 28. Bg3 Rh2+ 29. Rf2 Rxf2+ 30. Bxf2 Nd5 31. Bxd5 cxd5 32. g6+ Ke8 33. Qxg7
Bb5+ 34. Kd1 Rh1+ 35. Kc2 Qe4+ 0-1